Geografía de la argentina /
Guardado en:
| Autor Principal: | |
|---|---|
| Otros Autores: | , |
| Formato: | Libro |
| Publicado: |
Buenos Aires :
A-z,
1992
|
| Series: | Serie Plata
|
| Materias: | |
| Etiquetas: |
Agregar Etiqueta
Sin Etiquetas, Sea el primero en etiquetar este registro!
|
| LEADER | 01351nam a22002775a 4500 | ||
|---|---|---|---|
| 001 | CEM.cems008735 | ||
| 008 | 130507s1992##################000#0#####d | ||
| 005 | 20241204122801.0 | ||
| 245 | 1 | 0 | |a Geografía de la argentina / |c Horacio N. Lorenzini, Raúl Rey Balmaceda |
| 260 | |a Buenos Aires : |b A-z, |c 1992 | ||
| 300 | |a 280 p. | ||
| 490 | 0 | |a Serie Plata | |
| 505 | 0 | |a Una Argentina-- Las tres argentinas -- Ocho regiones geográficas formales -- Llanura platense -- Meseta subtropical -- El noroeste -- Sierras pampeanas -- Cuyo -- Patagonia -- Mar Argentino-- Antartida Argentina -- 24 unidades políticas secundarias -- Origen de las provincias -- Múltiples comarcas -- La Argentina y el mundo actual | |
| 020 | |a 950534175X | ||
| 100 | 1 | |a Lorenzini, Horacio N. | |
| 700 | 1 | |a Rey Balmaceda, Raúl | |
| 700 | 1 | |a Echeverría, María Julia | |
| 082 | 0 | 4 | |a 918.2 |
| 653 | |a Geografía | ||
| 653 | |a Geografía argentina | ||
| 859 | |a CEMS |b BIB. CEMS - 11 de abril |h 918.2 |i L887 |p 16774.92 |t Ej.1 | ||
| 859 | |a CEMS |b BIB. CEMS - Agricultura |h 918.2 |i L887 |p A16918.93 |t Ej.1 | ||
| 859 | |a CEMS |b BIB. CEMS - Agricultura |h 918.2 |i L887 |p A17397.93 |t Ej.2 | ||
| 859 | |a CEMS |b BIB. CEMS - 11 de abril |h 918.2 |i L887 |p 16849.93 |t Ej.3 | ||
| 859 | |a CEMS |b BIB. CEMS - 11 de abril |h 918.2 |i L887 |p 16896.93 |t Ej.4 | ||
| 859 | |a CEMS |b BIB. CEMS - 11 de abril |h 918.2 |i L887 |p 16906.93 |t Ej.7 | ||
